000 00563nam a2200229Ia 4500
003 OSt
005 20221006151503.0
006 a|||||r|||| 00| 0
007 ta
008 221006b |||||||| |||| 00| 0 jpn d
024 _a22,300
037 _cTextual
040 _aEASL
_cEASL
_bjpn
041 _2jpn
_ajpn
100 _aTOYO KEIZAI SHINPOSHA Ed.
_9659316
245 0 _aKinyu rokuju nenshi
260 _aTokyo
_bn
_c1925
300 _a624p.
_ccm.
650 _aJL
942 _cTEXL
_2CC
999 _c1090386
_d1090386